00824naa a2200169 i 450000100060000000300090000600500170001500800410003204000290007308000070010210001200010924501310022965500300036077302340039094200130062499900170063710488KOSZ 00520180425135722.0180425s1996 pl ||||f |||| 10| 0 pol d cKOSZ 005/ARaKOSZ 005/AR a371 aRATAJSKI, Ryszard.d1996 - .bPolitechnika Koszalińska - Instytut Zarządzania i Marketingu,cKatedra Marketingu10aLokalny rynek bankowo-finansowy na Pomorzu Środkowym : cRyszard Ratajski.bna przykładzie województwa koszalińskiego / 0aMateriały konferencyjne.0 iW : tProblemy rozwoju społeczno-gospodarczego w procesie restrukturyzacji Pomorza Środkowego / red. nauk. Michał Jasiulewicz, Bogusław Polak. -dKoszalin : Wydaw. Uczelniane Politechniki Koszalińskiej, 1996. -gs. 181-189 cROZ2UKD c10488d10488